00667nam a2200241 a 4500001001300000003000900013005001700022008004100039020001000080082001400090100002000104245004600124260003200170300000900202500003500211505001000246650002400256700002000280902000800300942000700308952009500315999001500410nice12345678IN_TiNIC20260116012914.0050524s1944 lona grp 000 0 eng  ac10000a201bTHO3 aThomas, Gilbert aBuilders and Makersb Occasional Sstudies aLondonbEpworth Pressc1944 a212p aincludes index and biblioraphy2 aIndex aChristian-Biography1 aThomas, Gilbert bSRS cBK 00104070aHMIbHMId2007-06-13g100.00l0o201 THO3p12267r2007-06-13w2026-01-16yARB c8830d8830